Transportation : principles and problems /
Guardado en:
| Autor Principal: | |
|---|---|
| Otros Autores: | |
| Formato: | Libro |
| Idioma: | English |
| Publicado: |
New York :
McGraw-Hill,
1952.
|
| Edición: | 2. ed. |
| Etiquetas: |
Agregar Etiqueta
Sin Etiquetas, Sea el primero en etiquetar este registro!
|
| LEADER | 00529nam a22001695a 4500 | ||
|---|---|---|---|
| 001 | EUN.um024366 | ||
| 003 | AR-BaUNS | ||
| 005 | 20050623122902.0 | ||
| 008 | 041125s1952####xxua##########000#0#eng#d | ||
| 245 | 1 | 0 | |a Transportation : |b principles and problems / |c Truman C. Bigham, Merril J. Roberts. |
| 260 | |a New York : |b McGraw-Hill, |c 1952. | ||
| 300 | |a 685 p. : |b ilus. ; |c 23,5 cm. | ||
| 100 | 1 | |a Bigham, Truman C. | |
| 700 | 1 | |a Roberts, Merril J. | |
| 082 | 0 | 4 | |a 385 |
| 250 | |a 2. ed. | ||
| 859 | |a Ar-BaUNS |b BIB. CENTRAL - Sector C |h 385 |i B481a2 |p 3392/956 | ||
